Alexander II and Tsarskoye Selo (Запись № 13696396)

Подробности
000 -МАРКЕР
контрольное поле 01920nam0a2200373 4500
001 - ИДЕНТИФИКАТОР ЗАПИСИ
контрольное поле RU\NLR\BIBL_A\022706925
005 - ИДЕНТИФИКАТОР ВЕРСИИ
контрольное поле 20260426080525.0
035 ## - ДРУГИЕ СИСТЕМНЫЕ НОМЕРА
Идентификатор записи (NLR Aleph) 022706925
100 ## - ДАННЫЕ ОБЩЕЙ ОБРАБОТКИ
Данные общей обработки 20260426 rusy50
101 0# - ЯЗЫК РЕСУРСА
Язык текста, звукозаписи и т.д. английский
102 ## - СТРАНА ПУБЛИКАЦИИ ИЛИ ПРОИЗВОДСТВА
Страна публикации Российская Федерация
105 ## - ПОЛЕ КОДИРОВАННЫХ ДАННЫХ: ТЕКСТОВЫЕ МАТЕРИАЛЫ, МОНОГРАФИЧЕСКИЕ
Кодированные данные о монографическом текстовом документе a z 000yb
181 #0 - ПОЛЕ КОДИРОВАННЫХ ДАННЫХ: ВИД СОДЕРЖАНИЯ
Код вида содержания (ISBD) i3
Код характеристики содержания (ISBD) axxe
182 #0 - ПОЛЕ КОДИРОВАННЫХ ДАННЫХ: ТИП СРЕДСТВА
Код типа средства (ISBD) n - непосредственное
200 1# - ЗАГЛАВИЕ И СВЕДЕНИЯ ОБ ОТВЕТСТВЕННОСТИ
Основное заглавие Alexander II and Tsarskoye Selo
Сведения, относящиеся к заглавию [the Exhibition in the Cameron gallery
Первые сведения об ответственности текст Л. М. Канаева
Последующие сведения об ответственности перевод: М. Д. Факирова]
203 ## - ВИД СОДЕРЖАНИЯ И ТИП СРЕДСТВА
Вид содержания Текст
Дополнительные сведения об издании визуальный
Тип средства непосредственный
210 ## - ПУБЛИКАЦИЯ, РАСПРОСТРАНЕНИЕ И ДР.
Место издания, распространения и т.д. [S. l.
Имя издателя, распространителя и т. д. ГМЗ "Царское Село"
Дата издания, распространения и т.д. [20--?]
215 ## - ФИЗИЧЕСКАЯ ХАРАКТЕРИСТИКА
Специфическое обозначение материала и объем 7 с.
Другие сведения о физической характеристике цв. ил.
Размеры 23
300 ## - ОБЩИЕ ПРИМЕЧАНИЯ
Текст примечания Авт. указан на 4-й с. обл.
541 1# - ПЕРЕВОД ЗАГЛАВИЯ, СДЕЛАННЫЙ КАТАЛОГИЗАТОРОМ
Заглавие Александр II и Царское Село
600 #0 - ИМЯ ЛИЦА КАК ПРЕДМЕТ
Начальный элемент ввода Александр
Дополнения к именам, кроме дат император российский
Римские цифры II
Даты 1818 - 1881
Тематический подзаголовок Памятные места
-- Выставки
Географический подзаголовок Царское Село, город
Системный номер авторитетной/нормативной записи 2704812
Идентификатор авторитетной/нормативной записи RU\NLR\AUTH\6601769095
601 02 - НАИМЕНОВАНИЕ ОРГАНИЗАЦИИ КАК ПРЕДМЕТ
Начальный элемент ввода "Царское село", государственный музей-заповедник
Идентифицирующий признак Санкт-Петербург, город
Тематический подзаголовок Выставки
Хронологический подзаголовок 2010
Системный номер авторитетной/нормативной записи 2189316
Идентификатор авторитетной/нормативной записи RU\NLR\AUTH\6601552037
686 1# - ИНДЕКСЫ ДРУГИХ КЛАССИФИКАЦИЙ
Индекс Щ101.3(2Р)-2Санкт-Петербург9Пушкин л62
686 1# - ИНДЕКСЫ ДРУГИХ КЛАССИФИКАЦИЙ
Индекс Т3(2)51,022.198л62
700 #1 - ИМЯ ЛИЦА - ПЕРВИЧНАЯ ОТВЕТСТВЕННОСТЬ
Начальный элемент ввода Kanaeva
Часть имени, кроме начального элемента ввода L. M.
Расширение инициалов личного имени L'judmila Michajlovna
702 #1 - ИМЯ ЛИЦА - ВТОРИЧНАЯ ОТВЕТСТВЕННОСТЬ
Код отношения Прочие
Графика поля Латинская
Материалы, к которым относится поле rus
Начальный элемент ввода Aleksandr
Дополнения к именам, кроме дат император российский
Римские цифры II
Даты 1818-1881
Системный номер авторитетной/нормативной записи 67173
Идентификатор авторитетной/нормативной записи RU\NLR\AUTH\7784245
711 12 - НАИМЕНОВАНИЕ ОРГАНИЗАЦИИ - АЛЬТЕРНАТИВНАЯ ОТВЕТСТВЕННОСТЬ
Графика поля Латинская
Материалы, к которым относится поле eng
Начальный элемент ввода "Alexander II and Tsarskoye Selo", exhibition
Место проведения временной организации Pushkin, Saint Petersburg
Дата проведения временной организации 2010
Системный номер авторитетной/нормативной записи 2696571
Идентификатор авторитетной/нормативной записи RU\NLR\AUTH\880638498
712 02 - НАИМЕНОВАНИЕ ОРГАНИЗАЦИИ - ВТОРИЧНАЯ ОТВЕТСТВЕННОСТЬ
Код отношения Издающая организация
Графика поля Латинская
Материалы, к которым относится поле eng
Начальный элемент ввода "Tsarskoye Selo", state museum-preserve
Идентифицирующий признак Pushkin, Saint Petersburg
Системный номер авторитетной/нормативной записи 328509
Идентификатор авторитетной/нормативной записи RU\NLR\AUTH\8826594
942 ## - ДОПОЛНИТЕЛЬНЫЕ ЭЛЕМЕНТЫ ЗАПИСИ (АБИС)
Тип экземпляра АБИС Книга
980 ## - КОЛЛЕКЦИЯ
Название коллекции Национальная библиография

Нет доступных экземпляров.